000 00730nam a22001937a 4500
999 _c20984
_d20984
003 AR-CdUCM
008 190723b ||||| |||| 00| 0 spa d
040 _aMUNICIPALIDAD PROVINCIAL DEL CUSCO
_cBIBLIOTECA MUNICIPAL DEL CUSCO
082 _aC / 346.65 /
_bAR66
100 _aAragon, Luis Angel
_927079
245 _aInquilinato arrendamiento agrícola Yanaconaje :
_bcompilación, notas, comentarios y concordancias /
260 _aCusco :
_bIdea,
300 _a204 páginas ;
_c21 cm.
505 _aContenido : Código civil -- Leyes especiales -- Leyes de inquilinato -- Reglamentos -- Yanaconaje -- Ejecutorias supremas -- Indices
650 _aDereho
_943774
650 _aLey
_97887
942 _2ddc
_cLIBROS
945 _azta